|
|
|
|
| LEADER |
00000nam a2200000 4500 |
| 008 |
190401b2016 sp a|||| |||| 00| | spa d |
| 999 |
|
|
|c 3688
|d 3688
|
| 020 |
|
|
|a 9878491163251
|
| 090 |
|
|
|a 05.01.02
|b 2537
|
| 100 |
|
|
|9 4510
|a Fabregues, Sergi
|
| 245 |
1 |
0 |
|a Técnicas de investigación social y educativa /
|c Sergi Fabregues, Julio Meneses, David Rodríguez Gómez, Marie Hélene Paré
|
| 260 |
|
|
|a [Lugar d publicación no identificado] :
|b Editorial UOC,
|c 2016
|
| 300 |
|
|
|a 222 páginas;
|b ilustraciones
|
| 490 |
|
|
|a Psicología,
|v 425
|
| 650 |
1 |
4 |
|9 290
|a INVESTIGACIÓN SOCIAL
|
| 650 |
1 |
4 |
|9 326
|a INVESTIGACIÓN EDUCATIVA
|
| 650 |
1 |
4 |
|9 285
|a METODOLOGÍA
|
| 700 |
|
|
|9 4511
|a Meneses, Julio
|
| 700 |
|
|
|9 2149
|a Rodríguez Gómez, David
|
| 700 |
|
|
|9 4512
|a Paré, Marie Hélene
|
| 942 |
|
|
|i 004583
|h 05.01.02 2537
|2 z
|c 01
|